000 00401nam a2200169Ia 4500
003 OSt
005 20240217124253.0
008 170619s9999 xx 000 0 und d
020 _a9780071136396
040 _cIIMT ENGINEERING COLLEGE
100 _aRaven- Francis H
245 0 _aAutomatic Control Engineering
260 _bMc Graw Hill
260 _c1995
546 _aENGLISH
942 _2ddc
_c02
999 _c16941
_d16941